[Event "Euskadi ch 2008"]
[Site "Zornotza ESP"]
[Date "2008.03.24"]
[Round "1.1"]
[White "Gomez Esteban, Juan Mario"]
[Black "Trigo Urquijo, Sergio"]
[Result "0-1"]
[WhiteElo "2496"]
[BlackElo "2169"]
[PlyCount "154"]
[EventDate "2008.03.24"]
[EventType "swiss"]
[EventRounds "7"]
[EventCountry "ESP"]
[Source "lmi"]
[SourceDate "2008.03.24"]

1. d4 d5 2. c4 c6 3. Nc3 Nf6 4. Nf3 a6 5. c5 Nbd7 6. Bf4 Nh5 7. Bg5 h6 8. Bd2
Qc7 9. e4 dxe4 10. Nxe4 Ndf6 11. Nc3 Be6 12. Ne5 g6 13. Qe2 Ng7 14. O-O-O Rd8
15. Bf4 Qa5 16. Nc4 Qb4 17. Nb6 Nf5 18. a3 Qb3 19. Be5 Bg7 20. g4 Nh4 21. Rg1
O-O 22. f4 Nd7 23. Bxg7 Kxg7 24. f5 Nxb6 25. cxb6 Bd5 26. Rg3 Qxb6 27. Qxe7 g5
28. f6+ Kg8 29. Bd3 Rfe8 30. Qc5 Qxc5 31. dxc5 Bb3 32. Rf1 Rxd3 33. Rxd3 Bc4
34. Rfd1 Bxd3 35. Rxd3 Re6 36. Rd7 Ng6 37. Rxb7 Ne5 38. h3 Nd3+ 39. Kd2 Nxc5
40. Ra7 a5 41. b4 axb4 42. axb4 Ne4+ 43. Nxe4 Rxe4 44. Kc3 Re3+ 45. Kd4 Rxh3
46. Rc7 Rg3 47. Rxc6 Rxg4+ 48. Kc5 Rg1 49. b5 Rb1 50. b6 Kh7 51. Rd6 Rc1+ 52.
Kd5 g4 53. Ke5 g3 54. Rd2 Rb1 55. Rg2 Rb5+ 56. Ke4 Rxb6 57. Rxg3 Rxf6 58. Ra3
h5 59. Ra8 h4 60. Ke5 Rf3 61. Ra4 h3 62. Rh4+ Kg6 63. Ke4 Ra3 64. Rh8 Ra4+ 65.
Kf3 Ra5 66. Rg8+ Kh7 67. Rg1 Rh5 68. Rh1 h2 69. Kg4 Kg6 70. Kg3 Kg5 71. Kf3
Rh3+ 72. Kg2 Kg4 73. Kf2 f5 74. Kg2 f4 75. Kf2 f3 76. Ra1 h1=Q 77. Rxh1 Rxh1
0-1

[Event "Euskadi ch 2008"]
[Site "Zornotza ESP"]
[Date "2008.03.24"]
[Round "1.2"]
[White "Alcaide Luque, Aitor"]
[Black "Franco Alonso, Alejandro"]
[Result "0-1"]
[WhiteElo "2169"]
[BlackElo "2445"]
[PlyCount "80"]
[EventDate "2008.03.24"]
[EventType "swiss"]
[EventRounds "7"]
[EventCountry "ESP"]
[Source "lmi"]
[SourceDate "2008.03.24"]

1. f4 g6 2. Nf3 Bg7 3. g3 Nf6 4. Bg2 O-O 5. O-O d5 6. Qe1 Nc6 7. c3 Re8 8. d4
Ne4 9. Nbd2 Bf5 10. Ne5 Nxe5 11. fxe5 f6 12. Nxe4 Bxe4 13. Bxe4 dxe4 14. Be3
Qd5 15. b3 fxe5 16. c4 Qd6 17. d5 e6 18. Rd1 Rad8 19. Qc3 Rf8 20. Bg5 Rxf1+ 21.
Kxf1 Rd7 22. Kg2 Qf8 23. Qe3 exd5 24. cxd5 h6 25. Rf1 Rf7 26. Rxf7 Qxf7 27.
Bxh6 Qxd5 28. Bxg7 Kxg7 29. Qxa7 e3+ 30. Kh3 Qd2 31. Qc5 Qxe2 32. Qxe5+ Kf7 33.
Qxc7+ Ke6 34. Qxb7 Qf1+ 35. Kh4 Qf6+ 36. Kh3 Qf1+ 37. Kh4 e2 38. Qe4+ Kf7 39.
Qd5+ Kg7 40. Qd7+ Qf7 0-1

[Event "Euskadi ch 2008"]
[Site "Zornotza ESP"]
[Date "2008.03.24"]
[Round "1.3"]
[White "Huerga Leache, Mikel"]
[Black "Axpe Balenciaga, Iñigo"]
[Result "1-0"]
[WhiteElo "2440"]
[BlackElo "2167"]
[PlyCount "91"]
[EventDate "2008.03.24"]
[EventType "swiss"]
[EventRounds "7"]
[EventCountry "ESP"]
[Source "lmi"]
[SourceDate "2008.03.24"]

1. e4 g6 2. d4 Bg7 3. Nf3 d6 4. Bc4 c6 5. Bb3 Nf6 6. Qe2 Bg4 7. O-O O-O 8. h3
Bxf3 9. Qxf3 Nbd7 10. Rd1 Qc7 11. c3 c5 12. Bf4 b5 13. Qe2 e5 14. Bh2 c4 15.
Bc2 Rfe8 16. Nd2 exd4 17. cxd4 Nd5 18. Rac1 Nb4 19. Bb1 Qb6 20. Nf3 d5 21. e5
Nf8 22. Qd2 Nc6 23. Bf4 Ne6 24. Be3 a5 25. Ng5 b4 26. Nxe6 Rxe6 27. f4 f5 28.
g4 Ne7 29. Qg2 Rc8 30. Kh2 Kf7 31. Rg1 Bh6 32. Qf3 fxg4 33. hxg4 Rec6 34. Qh3
Bg7 35. f5 c3 36. f6 c2 37. fxg7 cxb1=Q 38. Rxb1 Kxg7 39. Rbf1 h5 40. Qf3 Ng8
41. gxh5 Qd8 42. Rg4 Nh6 43. Bxh6+ Kxh6 44. hxg6 Rxg6 45. Rxg6+ Kxg6 46. Rg1+
1-0

[Event "Euskadi ch 2008"]
[Site "Zornotza ESP"]
[Date "2008.03.24"]
[Round "1.4"]
[White "Angulo Martinez, Jon"]
[Black "Argandoña Rivero, Iñigo"]
[Result "1/2-1/2"]
[WhiteElo "2165"]
[BlackElo "2404"]
[PlyCount "98"]
[EventDate "2008.03.24"]
[EventType "swiss"]
[EventRounds "7"]
[EventCountry "ESP"]
[Source "lmi"]
[SourceDate "2008.03.24"]

1. e4 d6 2. d4 Nf6 3. Nc3 e5 4. dxe5 dxe5 5. Qxd8+ Kxd8 6. Bc4 Ke8 7. f3 a6 8.
Nd5 Nxd5 9. Bxd5 Nd7 10. Be3 c6 11. Bc4 Bc5 12. Bxc5 Nxc5 13. Ne2 b5 14. Bb3 a5
15. a3 Nxb3 16. cxb3 Be6 17. Rc1 Rc8 18. Rc5 f6 19. a4 Kf7 20. Kf2 Bxb3 21.
axb5 cxb5 22. Rxb5 Bc4 23. Rb7+ Kg6 24. Rd1 Rb8 25. Rdd7 Rxb7 26. Rxb7 Bxe2 27.
Kxe2 Rc8 28. Kf2 Rc1 29. Kg3 Ra1 30. Ra7 a4 31. b4 a3 32. b5 Rb1 33. Rxa3 Rxb5
34. Ra7 Rb1 35. Rc7 Rh1 36. Ra7 Kh6 37. Ra6 Kg5 38. Ra7 Kg6 39. Rc7 h5 40. h3
Kh6 41. h4 g5 42. hxg5+ Kxg5 43. Rg7+ Kh6 44. Rg8 Kh7 45. Rc8 Kg7 46. Rb8 h4+
47. Kg4 Rh2 48. g3 hxg3 49. Kxg3 Rh5 1/2-1/2

[Event "Euskadi ch 2008"]
[Site "Zornotza ESP"]
[Date "2008.03.24"]
[Round "1.5"]
[White "Gonzalez De La Torre, Santiago"]
[Black "Sanz Perez, Eduardo"]
[Result "1-0"]
[WhiteElo "2389"]
[BlackElo "2161"]
[PlyCount "73"]
[EventDate "2008.03.24"]
[EventType "swiss"]
[EventRounds "7"]
[EventCountry "ESP"]
[Source "lmi"]
[SourceDate "2008.03.24"]

1. d4 e6 2. Nf3 Nf6 3. c4 b6 4. a3 Ne4 5. Qc2 Bb7 6. g3 c5 7. Bg2 d5 8. O-O Nd7
9. cxd5 Bxd5 10. Ne5 Nef6 11. e4 Bb7 12. Nxd7 Qxd7 13. d5 Be7 14. Rd1 exd5 15.
exd5 O-O-O 16. Nc3 Kb8 17. d6 Bf8 18. Bxb7 Kxb7 19. b4 Qc8 20. Bf4 Nh5 21. bxc5
Nxf4 22. Qe4+ Kb8 23. Qxf4 Qxc5 24. Ne4 Qh5 25. Rac1 Rd7 26. Nc5 bxc5 27. Rb1+
Kc8 28. Qe4 Rxd6 29. Rxd6 Bxd6 30. Qc6+ Bc7 31. Qa8+ Kd7 32. Qxh8 Be5 33. Qa8
Bd4 34. Qxa7+ Ke6 35. Qb7 f5 36. Qc6+ Ke5 37. Re1+ 1-0

[Event "Euskadi ch 2008"]
[Site "Zornotza ESP"]
[Date "2008.03.24"]
[Round "1.6"]
[White "Diez Fraile, David"]
[Black "Ruiz Gomez, Alejandro"]
[Result "0-1"]
[WhiteElo "2150"]
[BlackElo "2365"]
[PlyCount "68"]
[EventDate "2008.03.24"]
[EventType "swiss"]
[EventRounds "7"]
[EventCountry "ESP"]
[Source "lmi"]
[SourceDate "2008.03.24"]

1. e4 c5 2. Nf3 Nc6 3. d4 cxd4 4. Nxd4 e5 5. Nb5 d6 6. Be3 Be6 7. N1c3 a6 8.
Na3 b5 9. Nd5 Rb8 10. Be2 Nf6 11. Bg5 Qa5+ 12. Bd2 Qd8 13. Bg5 Bxd5 14. exd5
Nd4 15. c3 Nxe2 16. Qxe2 Be7 17. Bxf6 Bxf6 18. Nc2 a5 19. O-O O-O 20. Rad1 g6
21. f4 b4 22. cxb4 exf4 23. Rxf4 Bxb2 24. Kh1 Be5 25. Re4 f5 26. Rc4 Re8 27.
Qf2 Qd7 28. bxa5 Rb2 29. a4 Qb7 30. Qe1 Qb3 31. Qe2 Kf8 32. Rc7 Bc3 33. Qf2
Rxc2 34. Qg3 Qxd5 0-1

[Event "Euskadi ch 2008"]
[Site "Zornotza ESP"]
[Date "2008.03.24"]
[Round "1.7"]
[White "Nava Pereda, Carlos"]
[Black "Perez De Miguel, Alvaro"]
[Result "1-0"]
[WhiteElo "2293"]
[BlackElo "2123"]
[PlyCount "71"]
[EventDate "2008.03.24"]
[EventType "swiss"]
[EventRounds "7"]
[EventCountry "ESP"]
[Source "lmi"]
[SourceDate "2008.03.24"]

1. Nf3 Nf6 2. c4 c6 3. g3 g6 4. Bg2 Bg7 5. O-O O-O 6. d4 d5 7. Qb3 Qb6 8. Nc3
Bf5 9. c5 Qxb3 10. axb3 Na6 11. Bf4 Nd7 12. h3 e5 13. Nxe5 Nxe5 14. Bxe5 Bxe5
15. dxe5 Nxc5 16. g4 Bc2 17. Nxd5 cxd5 18. Rac1 Bxb3 19. Rxc5 b6 20. Rc3 Bc4
21. Re1 Rfd8 22. b3 Bb5 23. e3 Rd7 24. Rd1 Rad8 25. Rd4 g5 26. f4 gxf4 27. exf4
Kg7 28. g5 h6 29. h4 hxg5 30. hxg5 Rh8 31. Bh3 Rdd8 32. e6 Kg6 33. Rg3 Rh5 34.
f5+ Kg7 35. Rxd5 Rdh8 36. Rxb5 1-0

[Event "Euskadi ch 2008"]
[Site "Zornotza ESP"]
[Date "2008.03.24"]
[Round "1.8"]
[White "Villalta Bustillo, Igor"]
[Black "Varas Gonzalez, Carlos"]
[Result "1/2-1/2"]
[WhiteElo "2119"]
[BlackElo "2250"]
[PlyCount "52"]
[EventDate "2008.03.24"]
[EventType "swiss"]
[EventRounds "7"]
[EventCountry "ESP"]
[Source "lmi"]
[SourceDate "2008.03.24"]

1. d4 e6 2. Nf3 Nf6 3. Nbd2 c5 4. e3 Nc6 5. c3 b6 6. Bd3 Bb7 7. O-O Qc7 8. a3
d5 9. Qe2 Bd6 10. e4 dxe4 11. Nxe4 Nxe4 12. Bxe4 cxd4 13. cxd4 Ne7 14. Bd3 Nd5
15. Ne5 O-O 16. Re1 Rae8 17. Qh5 f5 18. Bg5 Bxe5 19. Rxe5 Nf6 20. Bxf6 gxf6 21.
Re3 f4 22. Ree1 Re7 23. Rac1 Qd6 24. Bc4 Kh8 25. Rcd1 Qc6 26. Bf1 Qd5 1/2-1/2

[Event "Euskadi ch 2008"]
[Site "Zornotza ESP"]
[Date "2008.03.24"]
[Round "1.9"]
[White "Astasio Lopez, David"]
[Black "Ibarretxe Campo, Lander"]
[Result "1-0"]
[WhiteElo "2215"]
[BlackElo "2113"]
[PlyCount "79"]
[EventDate "2008.03.24"]
[EventType "swiss"]
[EventRounds "7"]
[EventCountry "ESP"]
[Source "lmi"]
[SourceDate "2008.03.24"]

1. d4 d5 2. Nf3 Nf6 3. Nbd2 g6 4. e3 Bg7 5. Bd3 O-O 6. O-O Bf5 7. Bxf5 gxf5 8.
c4 c6 9. Qc2 e6 10. b3 Nbd7 11. a4 Ne4 12. Bb2 Kh8 13. b4 Rg8 14. b5 Bh6 15. a5
cxb5 16. cxd5 exd5 17. Qb3 Nxd2 18. Nxd2 Nf6 19. Qxb5 Qe7 20. Qd3 Rg5 21. f4
Rg6 22. Ba3 Qe6 23. Nf3 Rag8 24. Ra2 Ne4 25. Rb1 b6 26. Rc1 Bf8 27. Bxf8 Rxf8
28. Ne5 Rg7 29. Qa3 Rfg8 30. Rc7 f6 31. Rxg7 Kxg7 32. Nf3 Rc8 33. axb6 axb6 34.
Re2 Nd6 35. h3 Nc4 36. Qd3 Nd6 37. Kh2 b5 38. Ra2 Nc4 39. Nh4 Nxe3 40. Qxe3 1-0

[Event "Euskadi ch 2008"]
[Site "Zornotza ESP"]
[Date "2008.03.24"]
[Round "1.10"]
[White "Perez Fernandez, Modesto"]
[Black "Martin Alvarez, Iñigo"]
[Result "1/2-1/2"]
[WhiteElo "2109"]
[BlackElo "2189"]
[PlyCount "109"]
[EventDate "2008.03.24"]
[EventType "swiss"]
[EventRounds "7"]
[EventCountry "ESP"]
[Source "lmi"]
[SourceDate "2008.03.24"]

1. e4 c5 2. Nf3 e6 3. d4 cxd4 4. Nxd4 a6 5. Bd3 Nf6 6. O-O d6 7. c4 Bd7 8. b3
Nc6 9. Bb2 Be7 10. Nxc6 Bxc6 11. Qe2 Qa5 12. Bc3 Qh5 13. Qxh5 Nxh5 14. Re1 Bf6
15. Bxf6 Nxf6 16. Nc3 O-O 17. Rad1 Rfd8 18. Bf1 Kf8 19. g3 Rac8 20. e5 dxe5 21.
Rxd8+ Rxd8 22. Rxe5 Rd4 23. Bg2 Bxg2 24. Kxg2 Rd3 25. Re3 Rxe3 26. fxe3 Ng4 27.
e4 Ke7 28. h3 Ne5 29. Kf2 Kd6 30. Ke3 Kc5 31. a3 b5 32. cxb5 axb5 33. Ne2 Nc6
34. Kd3 b4 35. a4 e5 36. Ke3 g6 37. g4 f6 38. Nc1 h6 39. Nd3+ Kb6 40. Nb2 Na5
41. Nd3 Nc6 42. Nb2 Nd4 43. Nd3 Nc6 44. Nb2 Nd4 45. Nd3 Ka5 46. Nc5 Kb6 47. Nd3
Ka5 48. Nc5 h5 49. Kd3 h4 50. Ke3 g5 51. Kf2 Kb6 52. Nd3 Nc6 53. Ke3 Ka5 54.
Nc5 Nd4 55. Kf2 1/2-1/2

[Event "Euskadi ch 2008"]
[Site "Zornotza ESP"]
[Date "2008.03.24"]
[Round "1.11"]
[White "Agirretxe San Sebastian, Jesus"]
[Black "Hernandez Perez, Jesus"]
[Result "1-0"]
[WhiteElo "2182"]
[BlackElo "2043"]
[PlyCount "151"]
[EventDate "2008.03.24"]
[EventType "swiss"]
[EventRounds "7"]
[EventCountry "ESP"]
[Source "lmi"]
[SourceDate "2008.03.24"]

1. Nf3 e6 2. c4 f5 3. Nc3 Nf6 4. d4 Be7 5. d5 O-O 6. g3 d6 7. dxe6 Bxe6 8. Nd4
Bxc4 9. Qa4 Bf7 10. Bg2 c6 11. Nxf5 Na6 12. O-O Nc5 13. Qd4 d5 14. Rd1 Re8 15.
Nxe7+ Qxe7 16. Bg5 Rf8 17. Rac1 Ne6 18. Qe5 Rae8 19. Bxf6 gxf6 20. Qf5 Bg6 21.
Qf3 Ng5 22. Qf4 Ne4 23. Bf3 Ng5 24. Bg2 Ne4 25. Nxe4 Bxe4 26. Bxe4 Qxe4 27.
Qxe4 Rxe4 28. e3 Rb4 29. Rc2 Re8 30. Kg2 Kf7 31. Kf3 f5 32. a3 Rbe4 33. b4 a6
34. h4 R8e6 35. Rcd2 Rc4 36. Rd4 Re4 37. Rxc4 Rxc4 38. Rd4 Ke6 39. g4 fxg4+ 40.
Kxg4 b6 41. f4 c5 42. bxc5 bxc5 43. Rxc4 dxc4 44. Kf3 Kd5 45. Ke2 Ke4 46. Kd2
h5 47. Kc3 Kf5 48. Kxc4 Kg4 49. Kxc5 Kxh4 50. e4 Kg4 51. f5 h4 52. f6 h3 53. f7
h2 54. f8=Q h1=Q 55. Qf5+ Kg3 56. Qg5+ Kf3 57. e5 Qh7 58. Qf6+ Ke4 59. Qd6 Qa7+
60. Kc6 a5 61. e6 Qa6+ 62. Kc7 Qa7+ 63. Kd8 Qa8+ 64. Ke7 Qb7+ 65. Ke8 Qb5+ 66.
Qd7 Qh5+ 67. Kd8 Qh8+ 68. Kc7 Qh2+ 69. Qd6 Qf2 70. e7 Qa7+ 71. Kd8 Qa8+ 72. Kd7
Qb7+ 73. Ke8 Qc8+ 74. Kf7 Qf5+ 75. Kg7 Qg4+ 76. Qg6+ 1-0

[Event "Euskadi ch 2008"]
[Site "Zornotza ESP"]
[Date "2008.03.24"]
[Round "1.12"]
[White "Urbieta Gabancho, Koldo"]
[Black "Prieto Aranguren, Alain"]
[Result "1-0"]
[WhiteElo "2018"]
[BlackElo "2177"]
[PlyCount "83"]
[EventDate "2008.03.24"]
[EventType "swiss"]
[EventRounds "7"]
[EventCountry "ESP"]
[Source "lmi"]
[SourceDate "2008.03.24"]

1. e4 c6 2. d4 d5 3. Nc3 dxe4 4. Nxe4 Bf5 5. Ng3 Bg6 6. h4 h6 7. Nf3 Nd7 8. h5
Bh7 9. Bd3 Bxd3 10. Qxd3 Qc7 11. Rh4 e6 12. Bf4 Bd6 13. Bxd6 Qxd6 14. Rg4 Ngf6
15. Rh4 Qb4+ 16. Qc3 Qe7 17. O-O-O O-O-O 18. Re1 Nd5 19. Qb3 Qd6 20. Ne4 Qc7
21. g3 Kb8 22. c4 N5f6 23. Qe3 Nxe4 24. Qxe4 Nf6 25. Qe5 Qxe5 26. Nxe5 Rhf8 27.
Kc2 Nd7 28. Rg4 Nxe5 29. dxe5 Rg8 30. Re3 Rd7 31. Rf3 Kc7 32. Rf6 gxf6 33. Rxg8
fxe5 34. Rh8 Kd6 35. Rxh6 Ke7 36. Rh8 Rd4 37. h6 Rxc4+ 38. Kd2 Rd4+ 39. Ke2
Re4+ 40. Kf3 Re1 41. Kg2 Kf6 42. Rg8 1-0

[Event "Euskadi ch 2008"]
[Site "Zornotza ESP"]
[Date "2008.03.25"]
[Round "2.1"]
[White "Franco Alonso, Alejandro"]
[Black "Astasio Lopez, David"]
[Result "1/2-1/2"]
[WhiteElo "2445"]
[BlackElo "2215"]
[PlyCount "86"]
[EventDate "2008.03.24"]
[EventType "swiss"]
[EventRounds "7"]
[EventCountry "ESP"]
[Source "lmi"]
[SourceDate "2008.03.24"]

1. Nf3 d5 2. d4 Nf6 3. c4 e6 4. g3 Nbd7 5. Bg2 c6 6. O-O dxc4 7. Nfd2 Nb6 8. e3
e5 9. dxe5 Ng4 10. Nf3 Qc7 11. Qd4 Be6 12. h3 Rd8 13. Qe4 Nh6 14. Nc3 Be7 15.
Nd4 Bd5 16. Nxd5 cxd5 17. Qf4 O-O 18. g4 Kh8 19. Qg3 Bc5 20. Rd1 Ng8 21. Bd2
Rfe8 22. f4 f6 23. b4 cxb3 24. axb3 fxe5 25. fxe5 Nd7 26. Ba5 Bb6 27. Bxb6 Qxb6
28. Bxd5 Nxe5 29. Bg2 Nc6 30. Qf2 Nxd4 31. Rxd4 Rxd4 32. exd4 Rd8 33. d5 Qxb3
34. Rxa7 Nf6 35. Ra2 h6 36. Rb2 Qd1+ 37. Kh2 Rd7 38. Rd2 Qa1 39. Qf4 Qa5 40. d6
Qd8 41. Rb2 Rxd6 42. Rxb7 Qf8 43. Rb5 Rd8 1/2-1/2

[Event "Euskadi ch 2008"]
[Site "Zornotza ESP"]
[Date "2008.03.25"]
[Round "2.2"]
[White "Agirretxe San Sebastian, Jesus"]
[Black "Huerga Leache, Mikel"]
[Result "1/2-1/2"]
[WhiteElo "2182"]
[BlackElo "2440"]
[PlyCount "85"]
[EventDate "2008.03.24"]
[EventType "swiss"]
[EventRounds "7"]
[EventCountry "ESP"]
[Source "lmi"]
[SourceDate "2008.03.24"]

1. d4 d5 2. c4 c6 3. Nf3 Nf6 4. cxd5 cxd5 5. Nc3 Nc6 6. Bf4 a6 7. e3 b5 8. Ne5
Bb7 9. Rc1 Rc8 10. Bd3 e6 11. O-O Qb6 12. Nxc6 Bxc6 13. Qe2 Bd7 14. a4 b4 15.
Nb1 Ra8 16. Bc7 Qb7 17. a5 Be7 18. Nd2 O-O 19. Bb6 Bc6 20. Nb3 Nd7 21. Bxh7+
Kh8 22. Bd3 g6 23. Nc5 Bxc5 24. Bxc5 Nxc5 25. Rxc5 Rfc8 26. Rfc1 Bb5 27. g3 Kg7
28. h4 Rxc5 29. Rxc5 Bxd3 30. Qxd3 Rc8 31. Qc2 b3 32. Qc3 Rb8 33. Rc6 Qb5 34.
Kg2 Kf6 35. e4 Kg7 36. e5 Qb4 37. Qxb4 Rxb4 38. Rxa6 Rxd4 39. Rb6 Ra4 40. Rxb3
Rxa5 41. Rb7 d4 42. Rd7 Ra4 43. Kf1 1/2-1/2

[Event "Euskadi ch 2008"]
[Site "Zornotza ESP"]
[Date "2008.03.25"]
[Round "2.3"]
[White "Burguete Archel, Eduardo"]
[Black "Gonzalez De La Torre, Santiago"]
[Result "0-1"]
[WhiteElo "2173"]
[BlackElo "2389"]
[PlyCount "78"]
[EventDate "2008.03.24"]
[EventType "swiss"]
[EventRounds "7"]
[EventCountry "ESP"]
[Source "lmi"]
[SourceDate "2008.03.24"]

1. e4 c5 2. a3 g6 3. b4 Bg7 4. Nc3 b6 5. Rb1 Nc6 6. g3 d6 7. Bg2 Bb7 8. Nge2 e6
9. O-O Nge7 10. Na4 Qd7 11. b5 Nd4 12. c4 O-O 13. d3 Nxe2+ 14. Qxe2 d5 15. Bb2
d4 16. Bc1 e5 17. Bd2 Rae8 18. Nb2 f5 19. f3 f4 20. g4 Bf6 21. Be1 h5 22. h3
Kf7 23. Qd2 Rh8 24. Kf2 hxg4 25. hxg4 Nc8 26. Ke2 Rh2 27. Kd1 Reh8 28. Kc2 Nd6
29. Kb3 Ke6 30. Rf2 Bh4 31. Re2 Nf7 32. Bxh4 R8xh4 33. a4 a5 34. bxa6 Bxa6 35.
Ka3 Nd6 36. Nd1 Qc6 37. Qc1 Rh8 38. Reb2 Ra8 39. Rxb6 Qxa4+ 0-1

[Event "Euskadi ch 2008"]
[Site "Zornotza ESP"]
[Date "2008.03.25"]
[Round "2.4"]
[White "Ruiz Gomez, Alejandro"]
[Black "Urbieta Gabancho, Koldo"]
[Result "1-0"]
[WhiteElo "2365"]
[BlackElo "2018"]
[PlyCount "73"]
[EventDate "2008.03.24"]
[EventType "swiss"]
[EventRounds "7"]
[EventCountry "ESP"]
[Source "lmi"]
[SourceDate "2008.03.24"]

1. Nf3 Nf6 2. g3 b6 3. Bg2 Bb7 4. O-O e6 5. c4 c5 6. Nc3 Be7 7. d4 d6 8. d5
exd5 9. cxd5 O-O 10. Re1 Na6 11. e4 Nd7 12. Bf4 f6 13. a3 Nc7 14. Rb1 b5 15. b4
c4 16. Nd4 a6 17. a4 Ne5 18. Bf1 Qd7 19. h3 g6 20. Bc1 Rfe8 21. f4 Nf7 22. Bg2
Bf8 23. Bb2 Bg7 24. Qd2 Rab8 25. Ra1 Ra8 26. Kh2 Nh6 27. g4 Nf7 28. Nd1 Bh6 29.
Qf2 Rf8 30. Ne3 a5 31. axb5 Nxb5 32. Nxc4 Nxd4 33. Bxd4 axb4 34. Nb6 Qc7 35.
Nxa8 Rxa8 36. Rxa8+ Bxa8 37. Bxf6 1-0

[Event "Euskadi ch 2008"]
[Site "Zornotza ESP"]
[Date "2008.03.25"]
[Round "2.5"]
[White "Trigo Urquijo, Sergio"]
[Black "Nava Pereda, Carlos"]
[Result "1/2-1/2"]
[WhiteElo "2169"]
[BlackElo "2293"]
[PlyCount "52"]
[EventDate "2008.03.24"]
[EventType "swiss"]
[EventRounds "7"]
[EventCountry "ESP"]
[Source "lmi"]
[SourceDate "2008.03.24"]

1. e4 Nc6 2. Nf3 d6 3. d4 Bg4 4. c3 Nf6 5. Nbd2 e5 6. Qa4 Nd7 7. h3 Nb6 8. Qb3
Bxf3 9. Nxf3 exd4 10. Nxd4 Qe7 11. Bd3 Nxd4 12. cxd4 d5 13. e5 Qb4+ 14. Qxb4
Bxb4+ 15. Bd2 a5 16. Rc1 c6 17. a3 Be7 18. f4 g6 19. g4 h5 20. Ke2 Na4 21. b3
Nb2 22. a4 Nxd3 23. Kxd3 Ba3 24. Ra1 Bb4 25. Bxb4 axb4 26. g5 Kd7 1/2-1/2

[Event "Euskadi ch 2008"]
[Site "Zornotza ESP"]
[Date "2008.03.25"]
[Round "2.6"]
[White "Argandoña Rivero, Iñigo"]
[Black "Villalta Bustillo, Igor"]
[Result "1/2-1/2"]
[WhiteElo "2404"]
[BlackElo "2119"]
[PlyCount "68"]
[EventDate "2008.03.24"]
[EventType "swiss"]
[EventRounds "7"]
[EventCountry "ESP"]
[Source "lmi"]
[SourceDate "2008.03.24"]

1. Nf3 Nf6 2. c4 e6 3. b3 c5 4. Bb2 b6 5. g3 Bb7 6. Bg2 Be7 7. O-O O-O 8. Qc2
a6 9. Ng5 Bxg2 10. Bxf6 g6 11. Nxf7 Rxf7 12. Bxe7 Qxe7 13. Kxg2 Nc6 14. Nc3 d5
15. Rae1 Rd8 16. d3 b5 17. cxd5 Nd4 18. Qc1 exd5 19. e4 dxe4 20. dxe4 Nf3 21.
Re3 Rdf8 22. Nd5 Qg5 23. Rxf3 Qxc1 24. Rxc1 Rxf3 25. Nf4 R3xf4 26. gxf4 Rc8 27.
Kf3 Kf7 28. e5 c4 29. bxc4 bxc4 30. Ke4 Ke6 31. h4 c3 32. Kd3 Rf8 33. Ke4 Rc8
34. Kd3 Rf8 1/2-1/2

[Event "Euskadi ch 2008"]
[Site "Zornotza ESP"]
[Date "2008.03.25"]
[Round "2.7"]
[White "Varas Gonzalez, Carlos"]
[Black "Perez Fernandez, Modesto"]
[Result "1-0"]
[WhiteElo "2250"]
[BlackElo "2109"]
[PlyCount "55"]
[EventDate "2008.03.24"]
[EventType "swiss"]
[EventRounds "7"]
[EventCountry "ESP"]
[Source "lmi"]
[SourceDate "2008.03.24"]

1. e4 e5 2. Nf3 Nf6 3. Nxe5 d6 4. Nf3 Nxe4 5. d4 d5 6. Bd3 Bd6 7. O-O O-O 8. c4
c6 9. Nc3 Nxc3 10. bxc3 Bg4 11. cxd5 cxd5 12. Rb1 Nd7 13. h3 Bxf3 14. Qxf3 Nb6
15. Re1 Qc7 16. Bd2 Rfe8 17. g3 Rxe1+ 18. Rxe1 Nc4 19. Bc1 Qc6 20. Kg2 b5 21.
Qf5 g6 22. Qf6 Rc8 23. Bh6 Be5 24. Qxc6 Rxc6 25. Bxc4 bxc4 26. Rxe5 f6 27. Rxd5
g5 28. Rd7 1-0

[Event "Euskadi ch 2008"]
[Site "Zornotza ESP"]
[Date "2008.03.25"]
[Round "2.8"]
[White "Martin Alvarez, Iñigo"]
[Black "Angulo Martinez, Jon"]
[Result "0-1"]
[WhiteElo "2189"]
[BlackElo "2165"]
[PlyCount "58"]
[EventDate "2008.03.24"]
[EventType "swiss"]
[EventRounds "7"]
[EventCountry "ESP"]
[Source "lmi"]
[SourceDate "2008.03.24"]

1. e4 c5 2. Nf3 Nc6 3. d4 cxd4 4. Nxd4 Nf6 5. Nc3 e5 6. Ndb5 d6 7. Bg5 a6 8.
Na3 b5 9. Bxf6 gxf6 10. Nd5 Bg7 11. Bd3 Be6 12. O-O f5 13. Re1 O-O 14. Qh5 f4
15. g3 f5 16. gxf4 Bxd5 17. exd5 e4 18. c3 Ne7 19. Bc2 Ng6 20. Qg5 Qxg5+ 21.
fxg5 Ne5 22. Bd1 b4 23. Nb1 Nd3 24. Re2 bxc3 25. bxc3 Rac8 26. f3 exf3 27. Rd2
Ne5 28. Kf2 Ng4+ 29. Kxf3 Rxc3+ 0-1

[Event "Euskadi ch 2008"]
[Site "Zornotza ESP"]
[Date "2008.03.25"]
[Round "2.9"]
[White "Perez De Miguel, Alvaro"]
[Black "Gomez Esteban, Juan Mario"]
[Result "0-1"]
[WhiteElo "2123"]
[BlackElo "2496"]
[PlyCount "158"]
[EventDate "2008.03.24"]
[EventType "swiss"]
[EventRounds "7"]
[EventCountry "ESP"]
[Source "lmi"]
[SourceDate "2008.03.24"]

1. d4 Nf6 2. Nf3 e6 3. c4 b6 4. g3 Ba6 5. Qa4 c6 6. Nc3 Be7 7. Bg2 O-O 8. O-O
d5 9. Ne5 Qe8 10. cxd5 cxd5 11. Qxe8 Rxe8 12. Bf4 Nbd7 13. Rfc1 Nxe5 14. Bxe5
Rac8 15. Bxf6 Bxf6 16. e3 Rc6 17. Bf1 Bxf1 18. Kxf1 Rec8 19. Ne2 Be7 20. Rxc6
Rxc6 21. Rc1 Rxc1+ 22. Nxc1 Bd6 23. Nd3 Kf8 24. Ke2 Ke7 25. Kd2 h5 26. Ke2 g5
27. h3 g4 28. h4 Kf6 29. Ne1 Kf5 30. Kd3 f6 31. Nc2 e5 32. Ne1 Ke6 33. Ng2 Kf5
34. Ne1 b5 35. Nc2 a6 36. Ne1 Bb4 37. Nc2 Ba5 38. Na1 Be1 39. Ke2 Bb4 40. Nc2
Bd6 41. Kd3 a5 42. a3 a4 43. Na1 exd4 44. exd4 Ke6 45. Ke3 f5 46. f4 gxf3 47.
Kxf3 Bf8 48. Nc2 Bg7 49. Kf2 Bh6 50. Ne3 f4 51. gxf4 Bxf4 52. Kf3 Bd6 53. Nd1
b4 54. axb4 Bxb4 55. Nf2 Kf5 56. Nd3 Bd6 57. Nc1 Be7 58. Ne2 Bxh4 59. Nc3 Bf6
60. Nxd5 Bxd4 61. Nb4 Bxb2 62. Nc2 h4 63. Ne3+ Kg5 64. Nc4 Bd4 65. Na3 Be5 66.
Nc4 Bc7 67. Na3 h3 68. Nb5 Be5 69. Na3 Kh4 70. Nc4 Bd4 71. Nd6 Bc5 72. Nf5+ Kg5
73. Ng3 Bb4 74. Ne2 a3 75. Nc1 Kh4 76. Na2 Bd2 77. Kf2 Kg4 78. Kg1 Kf3 79. Kh2
Ke2 0-1

[Event "Euskadi ch 2008"]
[Site "Zornotza ESP"]
[Date "2008.03.25"]
[Round "2.10"]
[White "Prieto Aranguren, Alain"]
[Black "Diez Fraile, David"]
[Result "0-1"]
[WhiteElo "2177"]
[BlackElo "2150"]
[PlyCount "82"]
[EventDate "2008.03.24"]
[EventType "swiss"]
[EventRounds "7"]
[EventCountry "ESP"]
[Source "lmi"]
[SourceDate "2008.03.24"]

1. d4 Nf6 2. c4 g6 3. Nc3 d5 4. Bf4 Bg7 5. e3 c6 6. h3 O-O 7. Nf3 a6 8. c5 Nfd7
9. b4 f6 10. Bh2 e5 11. Qb3 exd4 12. Nxd4 Re8 13. Be2 a5 14. Nxd5 cxd5 15.
Qxd5+ Kh8 16. b5 Ne5 17. Qb3 a4 18. Qc3 Qa5 19. Rc1 Nbd7 20. O-O Qxc3 21. Rxc3
f5 22. Rd1 Nf6 23. Bxe5 Rxe5 24. c6 Ne4 25. cxb7 Bxb7 26. Rc7 Rb8 27. Nf3 Rd5
28. Rdc1 Bb2 29. R1c2 a3 30. Rf7 Rc5 31. Rxc5 Nxc5 32. Bc4 Rd8 33. Ng5 Rd7 34.
Rf8+ Kg7 35. Rg8+ Kf6 36. f4 Bd5 37. Rf8+ Ke7 38. Rc8 Bxc4 39. Rxc5 Bxa2 40. b6
Kd6 41. Ra5 Kc6 0-1